000 00525nam a2200169 a 4500
999 _c4843
_d4843
020 _a0132610663 (paperback)
020 _a9780132610667 (paperback)
100 1 _aJang, Jyh-Shing Roger.
245 1 0 _aNeuro-Fuzzy and Soft Computing : a computational approach to learning and machine intelligence
250 _a1st ed.
260 _a[S.l.] :
_bPrentice Hall,
_c2008.
300 _a614 p. ;
700 1 _aSun, Chuen-Tsai.
700 1 _aMizutani, Eiji.
856 4 0 _uhttp://10.10.170.122:8080/browse/book/18577
942 _cBK